000 00408nam a22001697a 4500
005 20180226122728.0
008 160523b xxu||||| |||| 00| 0 eng d
020 _a817188320-6
041 _aeng
082 _b4198
_a330.954
100 _aAcharya, Shankar
_91042
245 _aIndian Economy
260 _aNew Delhi
_bAcademic Faundation
_c2003
300 _a179
650 _aManagement
_9241
942 _cBK
999 _c1421
_d1421